LEADER 00826nam0-2200277 --450 001 9910489550103321 005 20210727161303.0 010 $a978-88-284-0128-5 100 $a20210727d2020----kmuy0itay5050 ba 101 0 $aita$cita 102 $aIT 105 $ay 001yy 200 1 $aCattolicesimi italiani$econservatore, liberale, democratico$fIlario Bertoletti 210 $aBrescia$cMorcelliana$d2020 215 $a65 p.$d20 cm 225 1 $aOrso blu$v144 610 0 $aPolitica$aAtteggiamento [dei] Cattolici italiani 676 $a261.70945$v23$zita 700 1$aBertoletti,$bIlario$0223030 801 0$aIT$bUNINA$gREICAT$2UNIMARC 901 $aBK 912 $a9910489550103321 952 $aCOLLEZ. 2911 (144)$b1824/2021$fFSPBC 959 $aFSPBC 996 $aCattolicesimi italiani$91834521 997 $aUNINA LEADER 01059nam0 22002651i 450 001 UON00207882 005 20231205103322.113 010 $a88-339-0981-6 100 $a20030730d1996 |0itac50 ba 101 $aita 102 $aIT 105 $a|||| ||||| 200 1 $aˆIl ‰ trionfo della moltitudine$eforme e conflitti della società che viene$fAldo Bonomi$eintroduzione di Giuseppe De Rita 210 $aTorino$cBollati Boringhieri$d1996. 133 p. ; 21 cm. 410 1$1001UON00067249$12001 $aTemi$v60 606 $aCLASSI SOCIALI$xTeorie$3UONC036084$2FI 620 $aIT$dTorino$3UONL000014 700 1$aBonomi$bAldo$3UONV124923$0124983 712 $aBollati Boringhieri$3UONV247905$4650 801 $aIT$bSOL$c20251031$gRICA 899 $aSIBA - SISTEMA BIBLIOTECARIO DI ATENEO$2UONSI 912 $aUON00207882 950 $aSIBA - SISTEMA BIBLIOTECARIO DI ATENEO$dSI VII GEO D 0408 $eSI SC 32105 5 0408 996 $aTrionfo della moltitudine$9691993 997 $aUNIOR